¡Somos lo mejor! = Vi är bäst! = We Are the Best! /

Guardat en:
Dades bibliogràfiques
Autor principal: Moodysson, Lukas (realización)
Altres autors: Moodysson, Lukas (guión) (guión), Brantås, Ulf (fotógrafo) (fotógrafo), Schalin, Moa Li Lemhagen (vestuario) (vestuario), Leszczylowski, Michal (montaje) (montaje), Nightingale, Christopher (música) (música), Barkhammar, Mira (actuación) (actuación), Grosin, Mira (actuación) (actuación), LeMoyne, Liv (actuación) (actuación)
Format: Diapositiva
Idioma:suec
Publicat: Estocolmo, Suecia : Memfis Film, 2013, c2013
Matèries:
Etiquetes: Afegir etiqueta
Sense etiquetes, Sigues el primer a etiquetar aquest registre!

MARC

LEADER 00000ngm^a2200000^a^4500
001 000378125
005 20250521000000.0
009 20260310120442.529
037 |a Acervo ITESO - Biblioteca 
041 |a SUE 
082 |a 839. 7  |b MOO 
100 |a Moodysson, Lukas  |e (realización) 
240 1 1 |a [¡Somos lo mejor!] 
245 1 0 |a ¡Somos lo mejor! =  |b Vi är bäst! = We Are the Best! /  |c Realización de L. Moodysson. 
246 2 |a Título en la pantalla: ¡Somos lo mejor! 
246 2 |a Título en la cubierta: We Are the Best! 
264 4 |a Estocolmo, Suecia :  |b Memfis Film,  |c 2013, c2013 
264 2 |a Los Angeles, EUA :  |b Magnolia Pictures [distribución],  |c 2014, c2014 
300 |a 1 DVD región 1 (102 min.) :  |b color 
336 |a imagen móvil bidimensional  |b tdi  |2 rdacontenido 
337 |a video  |b v  |2 rdamedio 
338 |a videodisco  |b vd  |2 rdasoporte 
500 |a Basado en: Aldrig godnatt, de Coco Moodysson 
530 |a Existe una edición en formato audiovisual en blu-ray con el mismo título 
546 |a En sueco, con subtítulos opcionales: español, francés, inglés 
586 |a Festival Internacional de Cine de Tokio (26°: 2013): Premio a la Mejor Película (Gran Premio Tokio Sakura) 
586 |a Diseño de Indumentaria y Moda: Premio Guldbaggen, del Instituto Sueco de Cine (49°: 2014): Mejor Diseño de Vestuario (finalista: Moa Li Lemhagen Schalin) 
649 |a XX 
650 |a Punks en el Cine 
650 |a Banda (de Jazz, Rock, etc.) en el Cine 
650 |a Adolescentes en el Cine 
650 |a Mujeres en el Cine 
650 |a Comedias Cinematográficas 
650 |a Cine Sueco -  |y 2010-2019 
650 |a Cine Sueco -  |y Siglo XXI 
650 |a Novela Gráfica -  |x Adaptaciones para Cine 
650 |a Novela Sueca -  |x Adaptaciones para Cine 
650 |a Historietas y Caricaturas Suecas -  |x Adaptaciones para Cine 
650 |a Literatura Sueca -  |y Siglo XXI -  |x Adaptaciones para Cine 
650 |a Literatura y Cine 
650 |a Punk -  |z Suecia 
650 |a Amistad 
650 |a Desarrollo Emocional -  |x Tema Principal 
650 |a Educación Sentimental -  |x Tema Principal 
650 |a Suecia -  |x Historia -  |y 1976-1982 
650 |a Suecia -  |x Historia -  |y Siglo XX 
700 |a Moodysson, Lukas  |e (guión) 
700 |a Brantås, Ulf  |e (fotógrafo) 
700 |a Schalin, Moa Li Lemhagen  |e (vestuario) 
700 |a Leszczylowski, Michal  |e (montaje) 
700 |a Nightingale, Christopher  |e (música) 
700 |a Barkhammar, Mira  |e (actuación) 
700 |a Grosin, Mira  |e (actuación) 
700 |a LeMoyne, Liv  |e (actuación) 
910 |a Fondo General 
920 |a Audiovisuales - DVDs 
940 |a Películas 
905 |a 302 
901 |a 0500271349  |b IT2  |c DVS  |i C150832  |u 20250521 
902 |a https://opac.biblio.iteso.mx/vufind/Record/000378125